00672nam a2200193 k 4500001001300000005001500013008004100028020003300069040001900102049001700121056001500138090002200153100001400175245014100189260003700330300002700367653007300394950001100467KMO20250633720191219143039120509s2012 ulka 000a kor a9788965743316g03320c\13800 a146043c1460430 lEM0000033339 a325.21124 a325.211b김79호1 a김지현10a호모스마트쿠스로 진화하라:b21세기 디지털 실크로드를 건너는 직장인들을 위한 안내서/d김지현 지음 a서울 :b해냄출판사,c2012 a239p.:b삽화 ;c23cm a호모스마트쿠스a진화a직장인a업무혁신a직장생활0 b\13800 |
|---|